Movies Quiz

Random Movies or Actress Quiz

Three Movies: 'E' Actors Quiz Stats

 Plays Quiz Updated Sep 24, 2014

Support Sporcle.
Go Orange.
Score 0/20 Timer 07:00
1 Play Today
% Correct
Clint Eastwood
92.3%
Emilio Estevez
86.7%
Zac Efron
86%
Jesse Eisenberg
86%
Chris Evans
74.6%
Aaron Eckhart
73.9%
Chiwetel Ejiofor
73.8%
Cary Elwes
72.6%
Robert Englund
67.2%
Sam Elliott
64.7%
% Correct
Carmen Electra
63.2%
Shannon Elizabeth
61.9%
Anthony Edwards
60.8%
Rupert Everett
58.9%
R. Lee Ermey
51.3%
Jenna Elfman
51.1%
Idris Elba
49.7%
Alice Eve
37.2%
Jennifer Esposito
36.6%
Noah Emmerich
33.9%

You're not logged in!

Compare scores with friends on all Sporcle quizzes.
OR
Log In

From the Vault

Tom Who?

by wilycub

Dick and Harry didn't get the invitation.
Remove Ads.
Support Sporcle.
Get the best of Sporcle when you Go Orange. This ad-free experience offers more features, more stats, and more fun while also helping to support Sporcle. Thank you for becoming a member.

Show Comments

Extras

Top Quizzes Today


Score Distribution

Your Account Isn't Verified!

In order to create a playlist on Sporcle, you need to verify the email address you used during registration. Go to your Sporcle Settings to finish the process.

Report this User

Report this user for behavior that violates our Community Guidelines.

Details: